Tilastot visalle Valtiot, joissa on eniten saksankielisiä

Klikkaa tästä pelataksesi tätä visaa!

Yleistilastot

  • Tätä visaa on pelattu 169 kertaa
  • Keskiarvotulos 10 / 12

Vastaustilastot

Puhujia%Valtio% Oikein
69 701 20085,2Saksa
100%
5 161 64762,8Sveitsi
97%
7 115 78088,6Itävalta
96%
96 4610,2Puola
92%
748 0001,2Ranska
88%
336 8870,6Italia
87%
964 4410,3Yhdysvallat
84%
76 9200,7Belgia
84%
192 6910,4Espanja
75%
271 8650,7Kanada
69%
72 0000,7Ruotsi
59%
79 3530,4Australia
53%

Tulosjakauma

Persentiili vastausten määrän mukaan

Jokaisen tuloksen saaneiden osuus

Tuloshistoriasi

Et ole pelannut tätä visaa